| 000 | 00385nam a22001457a 4500 | ||
|---|---|---|---|
| 040 | _cNUST | ||
| 082 |
_a629.1343 _bMEG |
||
| 100 |
_aT. H. G. Megson _9118658 |
||
| 245 |
_aAircraft Structures for engineering students / _cT. H. G. Megson |
||
| 250 | _aThird Edition | ||
| 260 |
_a Burlington : _bButterworth-Heinemann; _c1999. |
||
| 300 | _a610p. | ||
| 521 | _bHB | ||
| 942 |
_2ddc _cBK |
||
| 999 |
_c606834 _d606834 |
||